15 najpopularniejszych pokemonów - Statystyki

Ogólne statystyki
  • Ten quiz został rozwiązany 4 350 razy
  • Średni wynik to 7 z 15
Statystyki odpowiedzi
Hint Odpowiedź % Poprawnych
Pokemon typu elektrycznego oraz starter głównego bohatera Asha. Pikachu
99%
Ognisty smok który w anime słynął ze swojego lenistwa i upartości. Charizard
86%
Wodny pokemon przypominający rybę, który jest jednym z najsłabszych pokemonów. Magikarp
62%
Jeden z najcięższych pokemonów typu normalnego, który prawie bez przerwy śpi. Snorlax
48%
Pokemon typu normalngo/wróżkowego, który usypiał wszystkich którzy słyszeli jego śpiew. Jigglypuff
44%
Członek i pupil zespołu R. Jako pierwszy nauczył się mówić tak jak ludzie. Meowth
43%
Pokemon należący do Misty, który mimo że jest typem wodnym to nie potrafił pływać. Psyduck
42%
Legendarny pokemon typu normalnego, bóg wszystkich pokemonów. Arceus
41%
Potężny legendarny pokemon, którego posiadał lider sali Giovanni lider zspołu R. Mewtwo
38%
Pokemon typu psychicznego/wróżkowego. Jeden z pokemonów asha pomagający jego mamie w sprzątaniu domu. Mr Mime
36%
Pokemon typu normalnego posiadający aż osiem ewolucji których można dokonać np. za pomocą kamieni ewolucji. Eevee
33%
Pokemon typu normalnego. Posiadała go prawie każda siostra Joy. Chansey
28%
Legendarny pokemon typu ognistego/latającego przypominający pawia. Objawia się Ashowi pod koniec pierwszego odcinka. Ho-Oh
28%
Jeden z najsłodszych pokemonów należący do Misty. Wykluł się z jajkaoraz jest typem wróżkowym. Togepi
26%
Pokemon należący do Jamesa z zespołu R, który za każdym razem go atakował kiedy wystawiał go do walki. Victreebel
10%
Nie znaleziono quizów pasujących do podanych kryteriów
Rozkład punktacji
Procent ludzi z każdym wynikiem
Percentyl według liczby udzielonych odpowiedzi
Twoja historia wyników
Nie rozwiązałeś tego quizu